000 01803nam0a2200313 i 4500
001 RU\NLR\bibl\1895023
005 20260408193004.0
010 _a9785899887303
_9500
021 _aRU
_b2012-23752
_91776
035 _a(NLR Aleph) 001884691
090 _a2838198
_c2838198
100 _a20120419d2010 u y0rusy50 ca
101 0 _arus
102 _aRU
105 _aa |||||||||
200 1 _aНепрерывное образование
_eучебно-методические материалы по дисциплинам изобразительного и декоративно-прикладного искусства
_f[Бычков Ю.А. и др.]
210 _aНижневартовск
_cИзд-во Нижневартовского государственного гуманитарного университета
_d2010
215 _a139, [1] с.
_cил., цв. ил.
_d20
320 _aБиблиогр. в конце тем
606 1 _aДекоративно-прикладное искусство
_jУчебно-методические пособия
_xПреподавание
_xВысшая школа
_92096012
_3RU\NLR\auth\661571705
606 _aИзобразительное искусство
_jУчебно-методические пособия
_xПреподавание
_xВысшая школа
_92190530
_3RU\NLR\auth\661316817
686 _aЧ489.716я7
686 _aЧ486.81я7
702 1 _4220
_7ca
_8rus
_aБычков
_bЮ. А.
_cхудожник
_f1962-
_gЮрий Александрович
_9102263
_3RU\NLR\auth\77119338
702 1 _4340
_7ca
_8rus
_aНаумов
_bН. Д.
_cд-р филос. наук
_gНиколай Дмитриевич
_943037
_3RU\NLR\auth\7760106
801 0 _aRU
_bNLR
_c20120419
_gRCR
801 1 _aRU
_bNLR
_c20120419
942 _cBOOK
980 _aNBR